| Tag |
First Indicator |
Second Indicator |
Subfields |
| LEADER |
00000cam a22000004a 4500 |
| 001 |
in00001555430 |
| 005 |
20151022064822.0 |
| 008 |
981019s1999 wiu b s001 0 eng |
| 010 |
|
|
|a 98048152
|
| 020 |
|
|
|a 0299162109 (cloth : alk. paper))
|
| 020 |
|
|
|a 0299162141 (pbk. : alk. paper)
|
| 035 |
|
|
|a (OCoLC)ocm40200274
|
| 040 |
|
|
|a DLC
|c DLC
|d TXA
|d UtOrBLW
|
| 043 |
|
|
|a a-io---
|
| 049 |
|
|
|a TXAM
|
| 050 |
0 |
0 |
|a DS646.66.H82
|b V35 1999
|
| 082 |
0 |
0 |
|a 306/.089/9922
|2 21
|
| 100 |
1 |
|
|a Valeri, Valerio.
|
| 245 |
1 |
4 |
|a The forest of taboos :
|b morality, hunting, and identity among the Huaulu of the Moluccas /
|c by Valerio Valeri.
|
| 264 |
|
1 |
|a Madison :
|b University of Wisconsin Press,
|c 1999.
|
| 300 |
|
|
|a xxiii, 509 pages :
|b illustrations ;
|c 24 cm.
|
| 336 |
|
|
|a text
|b txt
|2 rdacontent
|
| 337 |
|
|
|a unmediated
|b n
|2 rdamedia
|
| 338 |
|
|
|a volume
|b nc
|2 rdacarrier
|
| 504 |
|
|
|a Includes bibliographical references (pages 482-502) and index.
|
| 650 |
|
0 |
|a Huaulu (Indonesian people)
|x Psychology.
|
| 650 |
|
0 |
|a Huaulu (Indonesian people)
|x Ethnic identity.
|
| 650 |
|
0 |
|a Huaulu (Indonesian people)
|x Hunting.
|
| 650 |
|
0 |
|a Taboo
|z Indonesia
|z Maluku.
|
| 651 |
|
0 |
|a Maluku (Indonesia)
|x Social life and customs.
|
| 948 |
|
|
|a cataloged
|b h
|c 2000/8/16
|d c
|e eneff
|f 3:24:49 pm
|
| 994 |
|
|
|a E0
|b TXA
|
| 999 |
|
|
|a MARS
|
| 999 |
f |
f |
|s 6eb1dff6-f8ff-3a98-9a9f-04382b08bddb
|i d783b6e3-5248-32b2-bcdd-0897ec56f206
|t 0
|
| 952 |
f |
f |
|p ric
|a Texas A&M University
|b Rellis Campus
|c Joint Library Facility
|d Remote Storage
|t 0
|e DS646.66.H82 V35 1999
|h Library of Congress classification
|i unmediated -- volume
|m A14826527085
|
| 998 |
f |
f |
|a DS646.66.H82 V35 1999
|t 0
|l Remote Storage
|